Sports Quiz

Random Sports or Country Quiz

England Footballers Born Outside England Quiz Stats

Quiz not verified by Sporcle

Also try: Famous 50: Sports
Challenge
Share
Tweet
Embed
Score 0/14 Timer 10:00
0 Plays Today
Country of Birth % Correct
CanadaOwen Hargreaves
79.8%
JamaicaJohn Barnes
67.5%
JerseyGraeme Le Saux
39.5%
GuernseyMatthew Le Tissier
36.8%
SingaporeTerry Butcher
22.8%
AustraliaTony Dorigo
21.1%
Democratic Republic of Congo (U'21)Fabrice Muamba
21.1%
Country of Birth % Correct
WalesRob Jones
13.2%
JamaicaLuther Blissett
9.6%
French GuianaCyrille Regis
7%
NigeriaJohn Salako
6.1%
South AfricaBrian Stein
2.6%
South Africa (U'21)Craig Johnston
2.6%
South AfricaColin Viljoen
1.8%

You're not logged in!

Compare scores with friends on all Sporcle quizzes.
Sign Up with Email
OR
Log In

You Might Also Like...

Show Comments

Extras

Top Quizzes Today


Score Distribution

Your Account Isn't Verified!

In order to create a playlist on Sporcle, you need to verify the email address you used during registration. Go to your Sporcle Settings to finish the process.